00261nam a2200109Ia 4500100002200000366000700022654002500029245004800054260002900102300000800131546001200139 aBoard of Editors  f15 aspoken communication aWritten and spoken communication in English bUniversities Pressc2007 a187 aENGLISH